Países por set de LEGO #2 - Estadísticas

Estadísticas generales
  • Esta prueba ha sido intentada 41 veces
  • La puntuación promedio es 10 de 12
Estadísticas de respuestas
Imagen Respuesta % Correcto
India
97%
China
95%
Estados Unidos
89%
Australia
87%
Francia
87%
Alemania
84%
Emiratos Árabes Unidos
84%
Reino Unido
82%
Italia
79%
Japón
76%
Finlandia
66%
Dinamarca
29%
No se encontraron pruebas coincidentes
Distribución de puntuación
Porcentaje de gente con cada puntuación
Porcentaje por número respondido
Historial de tus puntuaciones
No has intentado esta prueba.